000 00624nam a22002177a 4500
003 UA-OsUOA
001 42489
007 ta
008 20061108b un ||||| |||| 00| 0 ukr d
100 _aХархун В.
090 _a82
_bХ-11
942 _cSA
040 _aUA-OsUOA
_bukr
_cUA-OsUOA
_dUA-OsUOA
245 _a"Митець у каноні": соцреалістична поезія Павла Тичини 1930 - 1960-х років
300 _aС.38-51
955 _a0
041 _aukr
080 _a82
773 0 _w42484
650 7 _a82 Література. Літературознавство
_2UDC
999 _c328624
_d328624